[Event "Biel Master Tournament"]
[Site "Biel"]
[Date "2011.07.28"]
[Round "10"]
[White "Paikidze, Nazi"]
[Black "Holzke, Frank"]
[Result "0-1"]
[WhiteElo "2416"]
[BlackElo "2497"]
[PlyCount "106"]
[EventDate "2011.??.??"]
[EventCountry "SUI"]

1. e4 e5 2. Nf3 Nc6 3. Bb5 a6 4. Ba4 Nf6 5. O-O Bc5 6. c3 b5 7. Bb3 d6 8. a4
Bg4 9. d3 O-O 10. Bg5 Rb8 11. axb5 axb5 12. Nbd2 h6 13. Bh4 g5 14. Bg3 Nh5 15.
Bc2 Qf6 16. d4 exd4 17. e5 dxe5 18. Ne4 Qe7 19. Nxc5 Nxg3 20. hxg3 Qxc5 21. Qd3
f5 22. cxd4 Nxd4 23. Nxd4 Qxd4 24. Bb3+ Kh8 25. Qxd4 exd4 26. f3 Bh5 27. Rac1
Bf7 28. Bxf7 Rxf7 29. Rfd1 Rd7 30. Rc5 f4 31. gxf4 gxf4 32. b4 d3 33. Kf2 Rb6
34. Rd2 Kg7 35. Rf5 Rd4 36. Rc5 c6 37. Rc3 Rxb4 38. Rcxd3 Rb7 39. Rd6 Rc4 40.
Re2 b4 41. Ree6 b3 42. Rg6+ Kf8 43. Rgf6+ Rf7 44. Rxc6 Rxc6 45. Rxc6 Rb7 46.
Rc1 b2 47. Rb1 Kf7 48. Kg1 Kf6 49. Kh2 Rb3 50. Kh3 Kg5 51. Kh2 Kh4 52. g4 fxg3+
53. Kg2 h5 0-1

[Event "Biel Master Tournament"]
[Site "Biel"]
[Date "2011.07.28"]
[Round "10"]
[White "Lederer, Yoav"]
[Black "Gleizerov, Evgeny"]
[Result "0-1"]
[WhiteElo "2319"]
[BlackElo "2590"]
[PlyCount "120"]
[EventDate "2011.??.??"]
[EventCountry "SUI"]

1. c4 e6 2. g3 f5 3. Bg2 Nf6 4. Nf3 Be7 5. O-O O-O 6. Nc3 c6 7. d3 d6 8. b4 e5
9. Rb1 Kh8 10. b5 Qc7 11. Qa4 Be6 12. b6 Qc8 13. bxa7 Na6 14. Be3 Nd7 15. Qa5
f4 16. Bb6 Nf6 17. c5 dxc5 18. Nxe5 Bh3 19. Nf3 Bd6 20. d4 fxg3 21. hxg3 Qg4
22. Nh2 Qh5 23. dxc5 Be5 24. Nd1 Bxg2 25. Kxg2 Qxe2 26. Re1 Qd3 27. Rb3 Qd5+
28. Kg1 Bd4 29. Ne3 Qh5 30. Qa4 Bxc5 31. Rc1 Nd7 32. Qa5 Rxf2 33. Nhg4 Rff8 34.
Bxc5 Ndxc5 35. Rxb7 Qh3 36. Rxc5 Qxg3+ 37. Kh1 Qh3+ 38. Kg1 Qg3+ 39. Kh1 Nxc5
40. Qxc5 Qf3+ 41. Kg1 Qg3+ 42. Kh1 Rad8 43. Qc1 h5 44. Qa1 Qf3+ 45. Kg1 Rf7 46.
Rxf7 Qxf7 47. Nf2 Qxa7 48. Qe5 Qf7 49. a4 Re8 50. Qg5 Qf3 51. Nfd1 Kh7 52. Kh2
Re4 53. Ng2 Rxa4 54. Nde3 Re4 55. Qc5 Re6 56. Qg5 Qf7 57. Nh4 g6 58. Nhg2 Qf6
59. Qg3 Qe5 60. Nf4 Qxe3 0-1

[Event "Biel Master Tournament"]
[Site "Biel"]
[Date "2011.07.28"]
[Round "10"]
[White "Megaranto, Susanto"]
[Black "Halay, Taufik"]
[Result "1-0"]
[WhiteElo "2544"]
[BlackElo "2341"]
[PlyCount "101"]
[EventDate "2011.??.??"]
[EventCountry "SUI"]

1. Nf3 c5 2. g3 d5 3. Bg2 Nc6 4. d4 Nf6 5. O-O e6 6. c4 dxc4 7. Qa4 Qa5 8. Qxc4
Be7 9. Nc3 O-O 10. dxc5 Qxc5 11. Qxc5 Bxc5 12. Bg5 Be7 13. Rfd1 h6 14. Bf4 Rd8
15. Ne5 Bd7 16. Nxd7 Rxd7 17. Rxd7 Nxd7 18. Bxc6 bxc6 19. Rc1 Nf6 20. Na4 Rc8
21. Be3 Rc7 22. f3 Nd5 23. Bd4 Kf8 24. e4 Nf6 25. Kf2 Ke8 26. Rc2 h5 27. Ke3 g6
28. b3 Kd7 29. Nc5+ Bxc5 30. Rxc5 Ne8 31. Ra5 Nd6 32. Rxa7 Rxa7 33. Bxa7 Nb5
34. Bd4 Kd6 35. Bb6 Na3 36. Kd3 f5 37. b4 e5 38. Be3 Ke6 39. Bc1 Nb5 40. Bb2
Nc7 41. a4 Kd6 42. a5 Na6 43. Kc4 Nc7 44. Bc1 Ne6 45. Be3 Kc7 46. exf5 gxf5 47.
f4 e4 48. b5 cxb5+ 49. Kxb5 Ng7 50. Kc5 Ne8 51. Bd4 1-0

[Event "Biel Master Tournament"]
[Site "Biel"]
[Date "2011.07.29"]
[Round "11"]
[White "Baklan, Vladimir"]
[Black "Kovchan, Alexander"]
[Result "1/2-1/2"]
[WhiteElo "2620"]
[BlackElo "2554"]
[PlyCount "28"]
[EventDate "2011.??.??"]
[EventCountry "SUI"]

1. Nf3 Nf6 2. g3 g6 3. Bg2 Bg7 4. O-O O-O 5. d4 d5 6. Be3 c6 7. Qc1 Bf5 8. h3
Re8 9. Nbd2 Ne4 10. c3 Nd7 11. Nh4 Nd6 12. f4 e6 13. Bf2 Be4 14. Nhf3 f5
1/2-1/2

[Event "Biel Master Tournament"]
[Site "Biel"]
[Date "2011.07.29"]
[Round "11"]
[White "Bu, Xiangzhi"]
[Black "Wirig, Anthony"]
[Result "1/2-1/2"]
[WhiteElo "2675"]
[BlackElo "2510"]
[PlyCount "165"]
[EventDate "2011.??.??"]
[EventCountry "SUI"]

1. Nf3 Nf6 2. c4 e6 3. Nc3 d5 4. d4 c6 5. Qd3 dxc4 6. Qxc4 b5 7. Qd3 Nbd7 8. g3
Bb7 9. Bg2 a6 10. O-O c5 11. Rd1 b4 12. Na4 Be4 13. Qd2 Qa5 14. b3 c4 15. Qg5
Qxg5 16. Bxg5 c3 17. a3 a5 18. Ne5 Bxg2 19. Kxg2 Be7 20. Bxf6 Nxf6 21. Nc6 Ra6
22. Nxe7 Kxe7 23. Nc5 Raa8 24. axb4 axb4 25. Na6 Nd5 26. e4 c2 27. Rdc1 Nc3 28.
Nxb4 Rxa1 29. Rxa1 Nxe4 30. Nxc2 Rc8 31. Ra2 Rc3 32. Rb2 Nd2 33. b4 Nc4 34. Ra2
Kf6 35. Kf1 h5 36. Ke2 Rb3 37. Ra6 Ke7 38. Rc6 Nd6 39. Rc5 Ne4 40. Rxh5 Rb2 41.
Kd3 Nxf2+ 42. Kc3 Rb1 43. Ra5 Ne4+ 44. Kd3 f5 45. d5 e5 46. Ra7+ Kd6 47. Ra6+
Kd7 48. Ra3 Rd1+ 49. Kc4 Nd6+ 50. Kc5 Ne4+ 51. Kb6 f4 52. gxf4 exf4 53. b5 Rxd5
54. Nb4 Rf5 55. Nc6 Nd6 56. Ra7+ Ke8 57. Ra8+ Kf7 58. Nd4 Rd5 59. Ra4 f3 60.
Kc6 f2 61. Kxd5 f1=Q 62. Kxd6 Qf6+ 63. Kd5 Qd8+ 64. Kc5 Qe7+ 65. Kb6 Qd8+ 66.
Kb7 Qd7+ 67. Ka6 Qc8+ 68. Ka5 Qa8+ 69. Kb4 Qf8+ 70. Kb3 Qb8 71. h4 Qg3+ 72. Kc4
Qc7+ 73. Kd5 Qd7+ 74. Kc5 Qe7+ 75. Kb6 Qxh4 76. Rc4 g5 77. Ka7 Qf2 78. Ra4 g4
79. b6 g3 80. b7 g2 81. b8=Q g1=Q 82. Qc7+ Kg8 83. Qd8+ 1/2-1/2

[Event "Biel Master Tournament"]
[Site "Biel"]
[Date "2011.07.29"]
[Round "11"]
[White "Rodshtein, Maxim"]
[Black "Holzke, Frank"]
[Result "1/2-1/2"]
[WhiteElo "2637"]
[BlackElo "2497"]
[PlyCount "67"]
[EventDate "2011.??.??"]
[EventCountry "SUI"]

1. d4 d5 2. c4 c6 3. Nf3 Nf6 4. Nc3 dxc4 5. a4 Bf5 6. Ne5 Nbd7 7. Nxc4 Qc7 8.
g3 e5 9. dxe5 Nxe5 10. Bf4 Nfd7 11. Bg2 g5 12. Ne3 gxf4 13. Nxf5 O-O-O 14. Qc2
Kb8 15. O-O-O Ng6 16. Ne4 Bb4 17. Rd4 a5 18. Rhd1 Nde5 19. Kb1 h5 20. Bh3 Rxd4
21. Rxd4 fxg3 22. Nexg3 Ng4 23. Bxg4 hxg4 24. Rxg4 Rxh2 25. e3 Bd6 26. Rd4 Bxg3
27. Nxg3 Ne7 28. Rd2 Nd5 29. Qc5 Rg2 30. Ka2 Qe5 31. Qf8+ Ka7 32. Qc5+ Kb8 33.
Qf8+ Ka7 34. Qc5+ 1/2-1/2

[Event "Biel Master Tournament"]
[Site "Biel"]
[Date "2011.07.29"]
[Round "11"]
[White "Paehtz, Elisabeth"]
[Black "Ulibin, Mikhail"]
[Result "0-1"]
[WhiteElo "2463"]
[BlackElo "2538"]
[PlyCount "90"]
[EventDate "2011.??.??"]
[EventCountry "SUI"]

1. e4 e6 2. d4 d5 3. Nc3 Nf6 4. Bg5 Be7 5. e5 Nfd7 6. Bxe7 Qxe7 7. f4 O-O 8.
Nf3 c5 9. dxc5 Nc6 10. Bd3 f5 11. exf6 Qxf6 12. g3 Nxc5 13. Qe2 Bd7 14. O-O-O
Be8 15. Ng5 Nxd3+ 16. Rxd3 Bg6 17. Rd2 Rfe8 18. Nf3 d4 19. Nb5 e5 20. Qc4+ Bf7
21. Qc5 Rad8 22. Ng5 e4 23. Nxf7 Qxf7 24. Kb1 Rd5 25. Qc4 Red8 26. Rhd1 e3 27.
Rd3 h6 28. b4 a6 29. Na3 Qe7 30. c3 e2 31. Re1 Kh8 32. Nc2 R5d6 33. cxd4 Re6
34. Rd2 Re8 35. Qc5 Qd8 36. d5 Re4 37. Qc3 Na7 38. d6 Nb5 39. Qb3 Qd7 40. Qd3
R8e6 41. Kc1 Rxd6 42. Qxe4 Rxd2 43. Qe3 Rd1+ 44. Kb2 Nd4 45. Qc3 Nxc2 0-1

[Event "Biel Master Tournament"]
[Site "Biel"]
[Date "2011.07.29"]
[Round "11"]
[White "Miezis, Normunds"]
[Black "Pruess, David"]
[Result "1-0"]
[WhiteElo "2520"]
[BlackElo "2363"]
[PlyCount "153"]
[EventDate "2011.??.??"]
[EventCountry "SUI"]

1. c4 Nf6 2. Nc3 e5 3. g3 d5 4. cxd5 Nxd5 5. Bg2 Nb6 6. Nf3 Nc6 7. a3 a5 8. d3
Be7 9. O-O Be6 10. Be3 Nd5 11. Bd2 O-O 12. Rc1 f6 13. Ne4 Qd7 14. Nc5 Bxc5 15.
Rxc5 b6 16. Rc4 Rac8 17. Re1 Rfd8 18. Qa4 Na7 19. Qxd7 Rxd7 20. Rec1 Ne7 21.
R4c2 a4 22. Be3 c5 23. Nd2 Nb5 24. Nc4 Rb8 25. Re1 Nd5 26. Rcc1 Kf7 27. f4 Nxe3
28. Nxe3 exf4 29. gxf4 Nd4 30. Kf2 h6 31. h4 g5 32. hxg5 hxg5 33. fxg5 fxg5 34.
Rh1 Kg7 35. Rcg1 Rf7+ 36. Ke1 Rh8 37. Rxh8 Kxh8 38. Bd5 Re7 39. Be4 Rg7 40. Rf1
Rf7 41. Rg1 Rg7 42. Rh1+ Kg8 43. Nd5 Bxd5 44. Bxd5+ Kf8 45. Rh8+ Ke7 46. Rb8 b5
47. Be4 b4 48. axb4 cxb4 49. Kd2 a3 50. bxa3 bxa3 51. Ra8 g4 52. Rxa3 g3 53.
Ra7+ Kf6 54. Rxg7 Kxg7 55. Ke3 Nc2+ 56. Kf4 Nd4 57. e3 Nc2 58. d4 Kf6 59. Bg2
Ke7 60. Kf3 Ke6 61. Ke2 Kd6 62. Be4 Na1 63. Kf3 Nb3 64. Kxg3 Nd2 65. Kf4 Nc4
66. Bd3 Na5 67. e4 Ke6 68. Bb1 Kd6 69. Ba2 Nc6 70. e5+ Ke7 71. Ke4 Kd7 72. Bc4
Ke7 73. d5 Na7 74. Ba6 Kf7 75. Kd4 Ke7 76. Kc5 Kd7 77. Kb6 1-0

[Event "Biel Master Tournament"]
[Site "Biel"]
[Date "2011.07.29"]
[Round "11"]
[White "Khmelniker, Ilya"]
[Black "Cherniaev, Alexander"]
[Result "1-0"]
[WhiteElo "2510"]
[BlackElo "2440"]
[PlyCount "63"]
[EventDate "2011.??.??"]
[EventCountry "SUI"]
[BlackTeam "Arkhangelsk"]

1. d4 Nf6 2. c4 d6 3. Nf3 g6 4. Nc3 Bf5 5. Qb3 b6 6. g3 Nc6 7. Bg2 Na5 8. Qd1
c5 9. Nh4 Bd7 10. dxc5 dxc5 11. Bxa8 Qxa8 12. Nd5 Nxd5 13. cxd5 Bg7 14. O-O O-O
15. Re1 Bh3 16. e4 Rd8 17. Bg5 Qb7 18. Qc2 h6 19. Bd2 e6 20. dxe6 Nc6 21. Bc3
Nd4 22. Bxd4 Bxd4 23. Rad1 Bxe6 24. Nf3 Bf6 25. Rxd8+ Bxd8 26. Qd2 Bf6 27. Qxh6
Bxa2 28. Ng5 Qe7 29. Qh7+ Kf8 30. e5 Bg7 31. e6 f6 32. Nf3 1-0

[Event "Biel Master Tournament"]
[Site "Biel"]
[Date "2011.07.29"]
[Round "11"]
[White "Gleizerov, Evgeny"]
[Black "Nezad, Husein"]
[Result "1-0"]
[WhiteElo "2590"]
[BlackElo "2423"]
[PlyCount "107"]
[EventDate "2011.??.??"]
[EventCountry "SUI"]

1. d4 Nf6 2. c4 e6 3. g3 d5 4. Nf3 dxc4 5. Bg2 a6 6. O-O Nc6 7. Bg5 Rb8 8. Nbd2
Nxd4 9. Nxc4 Nxf3+ 10. Bxf3 Qxd1 11. Rfxd1 Nd5 12. e4 f6 13. exd5 fxg5 14. d6
cxd6 15. Nxd6+ Bxd6 16. Rxd6 Ke7 17. Rad1 e5 18. Rb6 Rf8 19. Be4 Rf6 20. Rb4
Bf5 21. Rd5 Bxe4 22. Rxe4 Re6 23. Rc4 Kf6 24. Rd7 Re7 25. Rxe7 Kxe7 26. Rc7+
Kf6 27. g4 Rd8 28. Rxb7 Rd2 29. Rb6+ Kf7 30. h3 e4 31. a4 a5 32. Rb5 Kf6 33.
Kf1 h6 34. Ke1 Rd4 35. Rxa5 Rb4 36. Rb5 Rxa4 37. Ke2 Ra1 38. Ke3 Re1+ 39. Kd4
Re2 40. Rf5+ Ke6 41. b4 g6 42. Re5+ Kd6 43. Ra5 Ke6 44. Ra6+ Kf7 45. b5 Rxf2
46. b6 h5 47. Kxe4 hxg4 48. hxg4 Ke7 49. Kd5 Rd2+ 50. Kc6 Rc2+ 51. Kb7 Rc4 52.
Ka7 Rxg4 53. b7 Rb4 54. Rxg6 1-0

[Event "Biel Master Tournament"]
[Site "Biel"]
[Date "2011.07.29"]
[Round "11"]
[White "Edouard, Romain"]
[Black "Haimovich, Tal"]
[Result "0-1"]
[WhiteElo "2587"]
[BlackElo "2419"]
[PlyCount "198"]
[EventDate "2011.??.??"]
[EventCountry "SUI"]

1. e4 e6 2. d4 d5 3. Nc3 Bb4 4. e5 c5 5. a3 Bxc3+ 6. bxc3 Nc6 7. Nf3 Qa5 8. Bd2
Qa4 9. Qb1 a6 10. Qb6 c4 11. Ra2 Qb5 12. Rb2 Qxb6 13. Rxb6 Nge7 14. Be2 h6 15.
a4 Nd8 16. O-O Bd7 17. Ra1 Bc6 18. h4 Kd7 19. h5 Kc7 20. Rbb1 a5 21. Nh4 g5 22.
Nf3 Nc8 23. Ra2 Nb6 24. Rba1 Nd7 25. Ra3 Rf8 26. Rf1 f6 27. exf6 Nxf6 28. Ne5
Be8 29. g4 Nc6 30. Be3 Rg8 31. Kh2 Bd7 32. f3 Raf8 33. Ra2 Be8 34. Rb1 Nd8 35.
Bc1 Rg7 36. Ba3 Rfg8 37. Bc5 Nc6 38. Bb6+ Kd6 39. Rab2 Nd7 40. Nxc6 Nxb6 41.
Nxa5 Nxa4 42. Rxb7 Rxb7 43. Nxb7+ Kc7 44. Nc5 Nxc5 45. dxc5 e5 46. Ra1 Bc6 47.
Ra7+ Bb7 48. Kg3 Ra8 49. Rxa8 Bxa8 50. Kf2 Kc6 51. Ke3 Kxc5 52. Kd2 Bc6 53. Kc1
Be8 54. Bf1 Bf7 55. Kd2 Bg8 56. Kc1 Kb5 57. Be2 Ka4 58. Kb2 Be6 59. Bd1 Bd7 60.
Be2 Bb5 61. Bf1 Ba6 62. Bg2 Bc8 63. Bh1 Be6 64. Bg2 Bg8 65. Bf1 d4 66. cxd4
exd4 67. c3 d3 68. Kc1 Bd5 69. Bg2 Kb5 70. Kd2 Kc5 71. Ke3 Kd6 72. Bh1 Ke5 73.
Bg2 Bc6 74. Bf1 Ba4 75. Bh3 Bc2 76. Bf1 Bb3 77. Bh3 Bc2 78. Bf1 Bb1 79. Bh3 Ba2
80. Bg2 Bb3 81. Bh3 Ba4 82. Bf1 Be8 83. Bg2 Bf7 84. Bh3 d2 85. Kxd2 Kf4 86. Ke2
Bd5 87. Bg2 Kg3 88. Bf1 Bxf3+ 89. Kd2 Bxg4 90. Bxc4 Bxh5 91. Bd5 Be8 92. c4 h5
93. c5 h4 94. c6 h3 95. Ke2 g4 96. Kf1 Kh2 97. Be6 g3 98. c7 Bb5+ 99. Ke1 Ba6
0-1

[Event "Biel Master Tournament"]
[Site "Biel"]
[Date "2011.07.29"]
[Round "11"]
[White "Arnold, Marc"]
[Black "Sokolov, Andrei"]
[Result "1/2-1/2"]
[WhiteElo "2445"]
[BlackElo "2579"]
[PlyCount "42"]
[EventDate "2011.??.??"]
[EventCountry "SUI"]
[BlackTeam "Belfort"]

1. d4 Nf6 2. c4 e6 3. Nf3 Bb4+ 4. Nbd2 b6 5. a3 Bxd2+ 6. Qxd2 Bb7 7. e3 O-O 8.
Be2 d6 9. b4 a5 10. Bb2 axb4 11. axb4 Rxa1+ 12. Bxa1 Nbd7 13. O-O Qe7 14. Bb2
Ra8 15. Ra1 Rxa1+ 16. Bxa1 Qe8 17. Qa2 Qa8 18. Qxa8+ Bxa8 19. Nd2 Kf8 20. f3 c5
21. bxc5 bxc5 1/2-1/2

[Event "Biel Master Tournament"]
[Site "Biel"]
[Date "2011.07.29"]
[Round "11"]
[White "Purnama, Tirta Chandra"]
[Black "Maze, Sebastien"]
[Result "0-1"]
[WhiteElo "2379"]
[BlackElo "2578"]
[PlyCount "58"]
[EventDate "2011.??.??"]
[EventCountry "SUI"]

1. d4 g6 2. Nf3 Bg7 3. c4 d6 4. Nc3 Nd7 5. g3 e5 6. Bg2 Ne7 7. O-O O-O 8. e4 a5
9. Be3 exd4 10. Bxd4 f6 11. Nb5 Nc6 12. Be3 Kh8 13. Rc1 Nce5 14. Nh4 Nf7 15. f4
Re8 16. Re1 Bf8 17. Bf2 c6 18. Nd4 Bg7 19. f5 Nde5 20. h3 Bh6 21. Rc3 Kg7 22.
b3 Bd7 23. a4 Qc7 24. Rf1 Rad8 25. fxg6 hxg6 26. Be3 Bxe3+ 27. Rxe3 Ng5 28. g4
Qb6 29. Kh1 Rh8 {Rest unleserlich} 0-1

[Event "Biel Master Tournament"]
[Site "Biel"]
[Date "2011.07.29"]
[Round "11"]
[White "Heimann, Andreas"]
[Black "Hakimifard, Ghazal"]
[Result "1-0"]
[WhiteElo "2498"]
[BlackElo "2197"]
[PlyCount "75"]
[EventDate "2011.??.??"]
[EventCountry "SUI"]
[WhiteTeam "Grenzach-Whylen"]

1. e4 c5 2. Nf3 Nc6 3. d4 cxd4 4. Nxd4 Qc7 5. Nc3 e6 6. Be2 Nf6 7. O-O a6 8.
Be3 Bb4 9. Nxc6 bxc6 10. Qd4 c5 11. Qc4 Bb7 12. a3 Bxc3 13. Qxc3 Bxe4 14. f3
Bg6 15. Qxc5 Qxc5 16. Bxc5 Bxc2 17. a4 Bb3 18. Rfc1 Bd5 19. b4 Bb7 20. b5 Nd5
21. Bd6 a5 22. Bc4 Nb6 23. Bd3 Nc8 24. Ba3 d6 25. Rc7 Rb8 26. Bb2 Nb6 27. Bxg7
Rg8 28. Bd4 Bxf3 29. g3 Nd5 30. Ra7 e5 31. Rf1 Bh5 32. Be4 Nf4 33. Bc6+ Kf8 34.
Be3 Nh3+ 35. Kg2 Ng5 36. h4 Ne6 37. Bh6+ Ng7 38. g4 1-0